| 000 | 00620nam a2200205 a 4500 | ||
|---|---|---|---|
| 005 | 20230511063526.0 | ||
| 008 | 991125s1993 mx 000 0 spa u | ||
| 020 | _a9681639634 | ||
| 035 | _aUPN01000012480 | ||
| 049 | _aCG | ||
| 050 | 4 |
_aF1234 _bD3.38 |
|
| 100 | 1 | _aDay, Douglas | |
| 245 | 1 | 4 |
_aLos cuadernos de la cárcel de Ricardo Flores Magón / _cDouglas Day ; tr. María Antonia Neira Bigorra. |
| 260 |
_aMéxico : _bFCE, _c1993. |
||
| 300 | _a302 p. | ||
| 440 | 0 |
_aPopular ; _v497 |
|
| 600 | 1 | 4 |
_aFLORES MAGON, RICARDO, _d1873-1922 |
| 651 | 4 |
_aMéxico _xHistoria _yRevolución, 1910-1917 _9223 |
|
| 905 | _aLibro | ||
| 999 |
_c12480 _d12480 |
||